ARRUPE JESUIT UNIVERSITY

CORONAVIRUS -STOP THE SPREAD - CLEAN,DISINFECT,COVER

Literature lost : (Record no. 118377)

MARC details
000 -LEADER
fixed length control field 02138fam a2200349 a 4500
001 - CONTROL NUMBER
control field 2234805
003 - CONTROL NUMBER IDENTIFIER
control field ARRUPE
005 - DATE AND TIME OF LATEST TRANSACTION
control field 20131022171541.0
008 - FIXED-LENGTH DATA ELEMENTS--GENERAL INFORMATION
fixed length control field 961115s1997 ctu b 001 0 eng
010 ## - LIBRARY OF CONGRESS CONTROL NUMBER
LC control number 96037680
020 ## - INTERNATIONAL STANDARD BOOK NUMBER
International Standard Book Number 0300069200 (alk. paper)
035 ## - SYSTEM CONTROL NUMBER
System control number (OCoLC)36017016
035 ## - SYSTEM CONTROL NUMBER
System control number (OCoLC)ocm36017016
035 ## - SYSTEM CONTROL NUMBER
System control number (NNC)2234805
040 ## - CATALOGING SOURCE
Original cataloging agency DLC
Transcribing agency DLC
Modifying agency DLC
-- OrLoB-B
043 ## - GEOGRAPHIC AREA CODE
Geographic area code n-us---
050 00 - LIBRARY OF CONGRESS CALL NUMBER
Classification number AZ183.U5
Item number E45 1997
300 ## - PHYSICAL DESCRIPTION
Dimensions 22 cm.
100 1# - MAIN ENTRY--PERSONAL NAME
Personal name Ellis, John M.
Fuller form of name (John Martin),
Dates associated with a name 1936-
9 (RLIN) 2639
245 10 - TITLE STATEMENT
Title Literature lost :
Remainder of title social agendas and the corruption of the humanities /
Statement of responsibility, etc John M. Ellis.
260 ## - PUBLICATION, DISTRIBUTION, ETC. (IMPRINT)
Place of publication, distribution, etc New Haven [Conn.] :
Name of publisher, distributor, etc Yale University Press,
Date of publication, distribution, etc c1997.
300 ## - PHYSICAL DESCRIPTION
Extent vii, 262 p. ;
504 ## - BIBLIOGRAPHY, ETC. NOTE
Bibliography, etc Includes bibliographical references (p. 231-256) and index.
505 00 - FORMATTED CONTENTS NOTE
Miscellaneous information 1.
Title The Origins of Political Correctness --
Miscellaneous information 2.
Title The Diversity of Literature --
Miscellaneous information 3.
Title Gender, Politics, and Criticism --
Miscellaneous information 4.
Title The Academic Politics of Race --
Miscellaneous information 5.
Title Class and Perfect Egalitarianism --
Miscellaneous information 6.
Title Activism and Knowledge --
Miscellaneous information 7.
Title Power, Objectivity, and PC Logic --
Miscellaneous information 8.
Title Is Theory to Blame? --
Miscellaneous information 9.
Title How Did It All Happen - and What Comes Next?
520 ## - SUMMARY, ETC.
Summary, etc In the span of less than a generation, university humanities departments have experienced an almost unbelievable reversal of attitudes, now attacking and undermining what had previously been considered best and most worthy in the Western tradition. John M. Ellis here scrutinizes the new regime in humanistic studies. He offers a careful, intelligent analysis that exposes the weaknesses of notions that are fashionable in humanities today.
520 8# - SUMMARY, ETC.
Summary, etc In a clear voice, with forceful logic, he speaks out against the orthodoxy that has installed race, gender, and class perspectives at the center of college humanities curricula.
650 #0 - SUBJECT ADDED ENTRY--TOPICAL TERM
Topical term or geographic name as entry element Humanities
General subdivision Study and teaching (Higher)
Geographic subdivision United States
General subdivision Evaluation.
9 (RLIN) 2640
650 #0 - SUBJECT ADDED ENTRY--TOPICAL TERM
Topical term or geographic name as entry element Humanities
General subdivision Political aspects
Geographic subdivision United States.
9 (RLIN) 2641
650 #0 - SUBJECT ADDED ENTRY--TOPICAL TERM
Topical term or geographic name as entry element Political correctness
Geographic subdivision United States.
9 (RLIN) 2642
650 #0 - SUBJECT ADDED ENTRY--TOPICAL TERM
Topical term or geographic name as entry element Humanities
Geographic subdivision United States
General subdivision History.
9 (RLIN) 2643
900 ## - EQUIVALENCE OR CROSS-REFERENCE-PERSONAL NAME [LOCAL, CANADA]
Numeration TOC
942 ## - ADDED ENTRY ELEMENTS (KOHA)
Source of classification or shelving scheme Library of Congress Classification
Koha item type Electronic Resources
Holdings
Withdrawn status Lost status Source of classification or shelving scheme Damaged status Not for loan Home library Current library Shelving location Date acquired Total Checkouts Full call number Barcode Date last seen Price effective from Koha item type
    Library of Congress Classification     ARRUPE LIBRARY ARRUPE LIBRARY Main Collection 22/10/2013   AZ183.U5 E45 1997 46410626 22/10/2013 22/10/2013 Electronic Resources

 

Arrupe Library. PO Box MP320 Mt Pleasant, Harare, Zimbabwe
263 242 745411|librarian@aju.ac.zw